Egy családi kézben lévő turisztikai célú vállalkozás managementjének komplex elemzése, különös hangsúlyt fektetve a pénzügyi managementre

Bibliographic Details
Main Author: Szőgyényi Anett
Other Authors: Antalóczy Györgyné Mária
Format: Thesis
Kulcsszavak:Hotel management
Pénzügyi management
Turisztikai vállalkozá
Online Access:http://dolgozattar.uni-bge.hu/23075

MARC

LEADER 00000nta a2200000 i 4500
001 dolg23075
005 20200222124349.0
008 191120suuuu hu om 000 hun d
040 |a BGE Dolgozattár Repozitórium  |b hun 
041 |a hu 
100 1 |a Szőgyényi Anett 
245 1 0 |a Egy családi kézben lévő turisztikai célú vállalkozás managementjének komplex elemzése, különös hangsúlyt fektetve a pénzügyi managementre  |c Szőgyényi Anett  |h [elektronikus dokumentum] 
695 |a Hotel management 
695 |a Pénzügyi management 
695 |a Turisztikai vállalkozá 
700 1 |a Antalóczy Györgyné Mária  |e ths 
856 4 0 |u http://dolgozattar.uni-bge.hu/23075/1/Sz%C5%91gy%C3%A9nyi%20Anett_F4V77U_TV.pdf  |z Dokumentum-elérés